半導体:電子部品業界

সংরক্ষণ করুন:
গ্রন্থ-পঞ্জীর বিবরন
প্রধান লেখক: 大道康則
বিন্যাস: গ্রন্থ
ভাষা:Undetermined
প্রকাশিত: 東京 教育社新書 1982
বিষয়গুলি:
ট্যাগগুলো: ট্যাগ যুক্ত করুন
কোনো ট্যাগ নেই, প্রথমজন হিসাবে ট্যাগ করুন!
Thư viện lưu trữ: Trung tâm Học liệu Trường Đại học Cần Thơ
LEADER 00468nam a2200181Ia 4500
001 CTU_80699
008 210402s9999 xx 000 0 und d
082 |a 621.381 
082 |b O.54 
100 |a 大道康則 
245 0 |a 半導体:電子部品業界 
245 0 |c 大道康則 
260 |a 東京 
260 |b 教育社新書 
260 |c 1982 
650 |a Semiconductors 
904 |i Ngoc,Hải 
980 |a Trung tâm Học liệu Trường Đại học Cần Thơ